[Event "Foxwoods op 16th"]
[Site "Ledyard"]
[Date "2024.03.28"]
[Round "2"]
[White "Ampie, Mauro"]
[Black "Matviishen, Viktor"]
[Result "0-1"]
[WhiteElo "2292"]
[BlackElo "2561"]
[PlyCount "84"]
[EventDate "2024.03.27"]
[EventType "swiss"]
[EventRounds "9"]
[EventCountry "USA"]
[SourceTitle "CB14_2024"]
[SourceDate "2024.04.01"]
[SourceVersion "1"]
[SourceVersionDate "2024.04.01"]
[SourceQuality "1"]

1. e4 c5 2. Nc3 a6 3. g3 Nc6 4. Bg2 g6 5. d3 Bg7 6. f4 d6 7. Nf3 Nf6 8. 0-0 0-0 9. h3 Rb8 10. g4 b5 11. Ne2 b4 12. Ng3 a5 13. c4 bxc3 14. bxc3 Nd7 15. Bd2 Rb2 16. Rb1 Qb6 17. Rxb2 Qxb2 18. Qb1 Bxc3 19. Bxc3 Qxc3 20. Ne2 Qa3 21. Rc1 Nb4 22. Rc3 Qxa2 23. Qxa2 Nxa2 24. Ra3 Nb4 25. Ne1 Ba6 26. Nc1 h6 27. Rxa5 g5 28. fxg5 hxg5 29. d4 f6 30. dxc5 Nxc5 31. e5 fxe5 32. Nf3 Nc6 33. Ra3 Nd4 34. Nxg5 Rb8 35. Kh2 Rb2 36. Kg3 Kg7 37. Rc3 Rb1 38. Kh4 Rb4 39. Ne4 Nce6 40. Ra3 Bb5 41. Nc3 Nf5+ 42. Kh5 Be8# 0-1

[Event "Foxwoods op 16th"]
[Site "Ledyard"]
[Date "2024.03.27"]
[Round "1"]
[White "Matviishen, Viktor"]
[Black "Ubushiev, Andrey"]
[Result "1-0"]
[WhiteElo "2561"]
[BlackElo "2089"]
[PlyCount "59"]
[EventDate "2024.03.27"]
[EventType "swiss"]
[EventRounds "9"]
[EventCountry "USA"]
[SourceTitle "CB14_2024"]
[SourceDate "2024.04.01"]
[SourceVersion "1"]
[SourceVersionDate "2024.04.01"]
[SourceQuality "1"]

1. d4 Nf6 2. c4 e6 3. Nc3 d5 4. cxd5 exd5 5. Bg5 c6 6. e3 h6 7. Bh4 Be7 8. Bd3 Ne4 9. Bxe7 Qxe7 10. Bxe4 dxe4 11. Nge2 Bg4 12. Qc2 Bxe2 13. Kxe2 f5 14. Qb3 Qf7 15. g4 Qd7 16. Rhg1 fxg4 17. d5 c5 18. h3 gxh3 19. Nxe4 Na6 20. Qxb7 Qxb7 21. Nd6+ Kf8 22. Nxb7 Rb8 23. Nd6 Rxb2+ 24. Kf3 Nb4 25. Rad1 Ke7 26. Nf5+ Kf6 27. Nxg7 Ke5 28. Rg6 Rf8+ 29. Kg3 Rf6 30. f4+ 1-0

[Event "Texas Collegiate Finals"]
[Site "Brownsville"]
[Date "2023.09.17"]
[Round "3.7"]
[White "Brodsky, David"]
[Black "Matviishen, Viktor"]
[Result "0-1"]
[WhiteElo "2493"]
[BlackElo "2539"]
[PlyCount "80"]
[EventDate "2023.09.16"]
[EventType "team-tourn"]
[EventRounds "4"]
[EventCountry "USA"]
[SourceTitle "EXT 2024"]
[Source "ChessBase"]
[SourceDate "2023.10.10"]
[SourceVersion "1"]
[SourceVersionDate "2023.10.10"]
[SourceQuality "1"]
[WhiteTeam "Texas Dallas Univ"]
[BlackTeam "Texas Tech Univ"]
[WhiteTeamCountry "USA"]
[BlackTeamCountry "USA"]

1. e4 c5 2. Nf3 d6 3. d4 cxd4 4. Nxd4 Nf6 5. Nc3 a6 6. Bd3 e5 7. Nde2 Be7 8. 0-0 Be6 9. f4 exf4 10. Nxf4 Nc6 11. b3 0-0 12. Bb2 Ne5 13. Kh1 Rc8 14. Qe1 Nfd7 15. Be2 Rc6 16. Rd1 Bh4 17. Qd2 Bg5 18. Ncd5 Bxd5 19. exd5 Rc7 20. Ba3 Nf6 21. c4 Re8 22. Bd3 Neg4 23. Rde1 Rce7 24. Rxe7 Qxe7 25. h3 Ne5 26. Qd1 g6 27. Bc2 Bxf4 28. Rxf4 Nh5 29. Rf2 f5 30. Kg1 f4 31. c5 dxc5 32. d6 Qg5 33. d7 Rd8 34. Qd5+ Nf7 35. Qxb7 Qe5 36. Qxa6 Ng3 37. Kh2 Qe1 38. Rxf4 Ne2 39. Bxc5 Qg3+ 40. Kh1 Nxf4 0-1

[Event "Philadelphia op 16th"]
[Site "Philadelphia"]
[Date "2023.06.25"]
[Round "4"]
[White "Matviishen, Viktor"]
[Black "Bellahcene, Bilel"]
[Result "1/2-1/2"]
[WhiteElo "2538"]
[BlackElo "2497"]
[PlyCount "78"]
[EventDate "2023.06.24"]
[EventType "swiss"]
[EventRounds "9"]
[EventCountry "USA"]
[SourceTitle "CBM 215 Extra"]
[Source "ChessBase"]
[SourceDate "2023.09.30"]
[SourceVersion "1"]
[SourceVersionDate "2023.09.30"]
[SourceQuality "1"]

1. d4 Nf6 2. c4 e6 3. Nc3 Bb4 4. e3 0-0 5. Bd3 d5 6. a3 Bxc3+ 7. bxc3 dxc4 8. Bxc4 c5 9. Bd3 Nc6 10. Nf3 Qc7 11. Bb2 e5 12. dxe5 Nxe5 13. Nxe5 Qxe5 14. Qe2 Qg5 15. 0-0 Re8 16. e4 c4 17. Bc2 Qc5 18. Kh1 Ng4 19. Rad1 Ne5 20. Rd5 Qc7 21. f4 Nd3 22. Bxd3 cxd3 23. Qxd3 Be6 24. Rd4 Rac8 25. Qf3 f6 26. Rfd1 Bb3 27. R1d2 Qc6 28. h3 Bc4 29. Kh2 Rc7 30. Rd8 Rce7 31. R2d4 Rxd8 32. Rxd8+ Re8 33. Rd4 b5 34. Bc1 Bb3 35. Qd3 Bc4 36. Qc2 a5 37. a4 bxa4 38. Ba3 h6 39. Bd6 Bb3 1/2-1/2

[Event "Philadelphia op 16th"]
[Site "Philadelphia"]
[Date "2023.06.25"]
[Round "3"]
[White "Schmakel, Sam A"]
[Black "Matviishen, Viktor"]
[Result "1/2-1/2"]
[WhiteElo "2416"]
[BlackElo "2538"]
[PlyCount "72"]
[EventDate "2023.06.24"]
[EventType "swiss"]
[EventRounds "9"]
[EventCountry "USA"]
[SourceTitle "CBM 215 Extra"]
[Source "ChessBase"]
[SourceDate "2023.09.30"]
[SourceVersion "1"]
[SourceVersionDate "2023.09.30"]
[SourceQuality "1"]

1. e4 c6 2. Nf3 d5 3. d3 Qc7 4. exd5 cxd5 5. c4 Nf6 6. Nc3 e6 7. g3 Bb4 8. Bd2 dxc4 9. dxc4 a6 10. a3 Bd6 11. Bg5 Nbd7 12. Bg2 h6 13. Be3 b6 14. 0-0 Bb7 15. Rc1 0-0 16. b4 Rac8 17. Na4 Qb8 18. Qe2 Bc6 19. Nc3 a5 20. bxa5 bxa5 21. Nb5 Bc5 22. Bf4 Qa8 23. Rb1 e5 24. Be3 Bxf3 25. Bxf3 e4 26. Bg2 Ne5 27. Bxc5 Rxc5 28. Nd6 Nf3+ 29. Kh1 Rd8 30. Nxe4 Qxe4 31. Bxf3 Qxe2 32. Bxe2 Rd2 33. Rb8+ Kh7 34. Re1 Re5 35. Bd3+ Rxd3 36. Rxe5 Nd7 1/2-1/2

[Event "Las Vegas National op"]
[Site "Las Vegas"]
[Date "2023.06.17"]
[Round "6"]
[White "Melillo, Lucius"]
[Black "Matviishen, Viktor"]
[Result "0-1"]
[WhiteElo "1870"]
[BlackElo "2538"]
[PlyCount "94"]
[EventDate "2023.06.14"]
[EventType "swiss"]
[EventRounds "9"]
[EventCountry "USA"]
[SourceTitle "CBM 214 Extra"]
[Source "ChessBase"]
[SourceDate "2023.07.31"]
[SourceVersion "1"]
[SourceVersionDate "2023.07.31"]
[SourceQuality "1"]

1. d4 Nf6 2. c4 e6 3. Nf3 b6 4. g3 Ba6 5. b3 Bb4+ 6. Bd2 Be7 7. Bc3 d5 8. Bg2 0-0 9. 0-0 c5 10. Ne5 Qc7 11. Nd2 Rd8 12. Qc2 Nbd7 13. Nxd7 Rxd7 14. Rac1 Rad8 15. e3 cxd4 16. Bxd4 e5 17. Bb2 d4 18. exd4 exd4 19. Qd3 Bb4 20. Ne4 Ng4 21. Ng5 g6 22. Nf3 Bb7 23. Rcd1 Bc3 24. Bxc3 dxc3 25. Qc2 Rxd1 26. Rxd1 Rxd1+ 27. Qxd1 Qe7 28. h3 Bxf3 29. Bxf3 Ne5 30. Bd5 b5 31. Qc2 b4 32. Qe4 Qf6 33. Kf1 Nf3 34. Qe3 Nd4 35. Be4 c2 36. Kg2 Qe5 37. Bxc2 Qxe3 38. fxe3 Nxc2 39. Kf3 Kf8 40. Ke4 Ke7 41. Kd3 Na3 42. Kd4 Kd6 43. e4 f6 44. h4 a5 45. c5+ Kc6 46. e5 Nb5+ 47. Ke4 Nc3+ 0-1

[Event "CAN Transnational Classic"]
[Site "Montreal"]
[Date "2023.06.10"]
[Round "7"]
[White "Matviishen, Viktor"]
[Black "Preotu, Razvan"]
[Result "1-0"]
[WhiteElo "2538"]
[BlackElo "2475"]
[PlyCount "99"]
[EventDate "2023.06.06"]
[EventType "swiss"]
[EventRounds "9"]
[EventCountry "CAN"]
[SourceTitle "CBM 214 Extra"]
[Source "ChessBase"]
[SourceDate "2023.07.31"]
[SourceVersion "1"]
[SourceVersionDate "2023.07.31"]
[SourceQuality "1"]

1. e4 e6 2. d4 d5 3. Nd2 c5 4. Ngf3 cxd4 5. exd5 Qxd5 6. Bc4 Qd6 7. 0-0 Nf6 8. Nb3 Nc6 9. Nbxd4 Nxd4 10. Nxd4 Be7 11. b3 0-0 12. Bb2 a6 13. Qf3 Nd7 14. Rad1 Qc5 15. Rfe1 Bf6 16. Qg3 Qh5 17. Ba3 Re8 18. Nf3 Qa5 19. Bd6 Qxa2 20. Bd3 Nf8 21. Ne5 Ng6 22. Nc4 b5 23. Nb6 Ra7 24. Qe3 Rd7 25. Nxd7 Bxd7 26. Bxg6 hxg6 27. Be5 Bc8 28. Qc3 Bxe5 29. Rxe5 b4 30. Ra1 bxc3 31. Rxa2 Rd8 32. Ra1 Rd5 33. Re3 e5 34. Rxc3 Bf5 35. h3 a5 36. Kf1 g5 37. Ke2 g4 38. hxg4 Bxg4+ 39. f3 Bf5 40. Rd1 Rb5 41. Rd6 f6 42. Rdc6 Rb8 43. Ra6 Rb5 44. Rc7 Kh7 45. Kd2 Kh6 46. Rca7 Rd5+ 47. Kc1 Rd4 48. Rxa5 Rh4 49. Rd5 g6 50. g4 1-0

[Event "CAN Transnational Rapid"]
[Site "Toronto"]
[Date "2023.06.04"]
[Round "8"]
[White "Rodrigue Lemieux, Shawn"]
[Black "Matviishen, Viktor"]
[Result "1-0"]
[WhiteElo "2469"]
[BlackElo "2538"]
[PlyCount "55"]
[EventDate "2023.06.03"]
[EventType "swiss (rapid)"]
[EventRounds "11"]
[EventCountry "CAN"]
[SourceTitle "CBM 214 Extra"]
[Source "ChessBase"]
[SourceDate "2023.07.31"]
[SourceVersion "1"]
[SourceVersionDate "2023.07.31"]
[SourceQuality "1"]

1. e4 c5 2. Nf3 d6 3. Bb5+ Bd7 4. Bxd7+ Qxd7 5. c4 e5 6. Nc3 Nc6 7. d3 g6 8. a3 Bg7 9. b4 cxb4 10. axb4 Nxb4 11. Ba3 Nc6 12. Nb5 Bf8 13. d4 a6 14. Nc3 exd4 15. Nd5 Qd8 16. 0-0 Nf6 17. Re1 Nd7 18. Rb1 Rb8 19. Nxd4 Nce5 20. Qa4 Be7 21. f4 Nd3 22. Re3 N3c5 23. Bxc5 dxc5 24. Nf5 gxf5 25. exf5 Kf8 26. Rxe7 Nf6 27. Qa1 Nxd5 28. Rexb7 1-0